000 00989cam a2200193 4500
001 WB3823-05
008 020626n2002 000 0 eng u
035 _a(Sirsi) u118539
245 _aBuilding Sights awards launched
260 _c2002
490 _aCABE Press Release
_v 21 June 2002, (3)
520 _aJanet Street Porter has launched the Building Sights Award for the best public access to a building site. The competition is jointly supported by the Arts Council of England and CABE. Open to any building, private or public, which has engaged the public, physically or virtually, in the construction site, nominations need to be made to CABE by 13 September. Application forms can be downloaded from www.buildingsights.org.uk. http://www.cabe.org.uk/+BnLcI4XSRr=7WeJ1eKvMlg/news/press/press_release.html?press_release_id=127
590 _aWB
650 _aBUILDING SITES
650 _aPUBLIC ACCESS
650 _aCOMPETITIONS
690 _aBUILT ENVIRONMENT
942 _n0
999 _c70584
_d70584